Entre lo simbólico y lo real: las leyes anticlericales de 1884 en Costa Rica /
Sin resumen
Bewaard in:
| Hoofdauteur: | |
|---|---|
| Formaat: | Texto |
| Onderwerpen: | |
| Tags: |
Voeg label toe
Geen labels, Wees de eerste die dit record labelt!
|
MARC
| LEADER | 00000 a a2200000 04500 | ||
|---|---|---|---|
| 001 | 15587 | ||
| 003 | |||
| 040 | |||
| 100 | |a Solano Muñoz, Edgar | ||
| 245 | |a Entre lo simbólico y lo real: |b las leyes anticlericales de 1884 en Costa Rica / |c Edgar Solano Muñoz | ||
| 520 | |a Sin resumen | ||
| 650 | |a IDEOLOGIAS | ||
| 650 | |a MOVIMIENTOS SOCIALES | ||
| 650 | |a GRUPOS DE INTERESES | ||
| 650 | |a PODER POLITICO | ||
| 650 | |a POLITICA GUBERNAMENTAL | ||
| 650 | |a IGLESIA CATOLICA | ||
| 650 | |a ESTADO | ||
| 650 | |a LEGISLACION | ||
| 650 | |a ASPECTOS JURIDICOS | ||
| 650 | |a CREDITO | ||
| 650 | |a IGLESIA CATOLICA | ||
| 773 | |g número 29; páginas 63-88 | ||
| 999 | |c 32316 |d 32316 | ||
